| 000 | 00922cam a22002895a 4500 | ||
|---|---|---|---|
| 001 | 017752381 | ||
| 003 | OSt | ||
| 005 | 20161011155853.0 | ||
| 008 | 150520s2014 cc a fr 000 0 eng d | ||
| 020 | _a9787508527918 | ||
| 020 | _a7508527917 | ||
| 040 |
_aMNU _beng _cMNU _dMNU _dOCLCF _dSHS _dUk _dEG-ScBUE |
||
| 041 | 1 |
_aeng _hchi |
|
| 043 | _aa-cc--- | ||
| 082 | 0 | 4 |
_a320.0951 _222 _bWEN |
| 100 | 1 |
_aWen, Lequn. _941460 |
|
| 245 | 1 | 0 |
_aContemporary China's politics / _cby Wen Lequn & Chen Jian. |
| 260 |
_a[Beijing] : _bChina Intercontinental Press, _c2014. |
||
| 300 |
_a247 p. : _bill. ; _c23 cm. |
||
| 490 | 0 | _aContemporary China. | |
| 546 | _aText in English ; translated from original Chinese. | ||
| 650 | 7 |
_aPolitical parties _941453 _zChina. _2BUEsh |
|
| 651 | 7 |
_aChina _xPolitics and government _y1949- _2BUEsh _935892 |
|
| 653 |
_bBUSBOL _cOctober2016 |
||
| 700 | 1 |
_aJian, Chen _c(Doctor of law), |
|
| 942 | _2ddc | ||
| 999 |
_c22518 _d22490 |
||